[Event "Toronto1"]
[Site "Toronto CAN"]
[Date "1990.??.??"]
[Round "4"]
[White "Lesiege, Alexandre"]
[Black "Hebert, Jean"]
[Result "1/2-1/2"]
[WhiteElo "2295"]
[BlackElo "2405"]
[WhiteFideId "-1"]
[WhiteFideId "-1"]
[PlyCount "64"]
[GameId "2160767912481297"]
[EventDate "1990.04.??"]
[EventType "tourn"]
[EventRounds "11"]
[EventCountry "CAN"]
[EventCategory "9"]
[SourceTitle "CBM 020"]
[Source "ChessBase"]
[SourceDate "2004.01.01"]
[SourceVersion "1"]
[SourceVersionDate "2004.01.01"]
[SourceQuality "1"]

1. Nf3 Nf6 2. c4 e6 3. d4 b6 4. a3 c5 5. e3 Bb7 6. Nc3 cxd4 7. exd4 Be7 8. Bd3 O-O 9. O-O d5 10. Re1 dxc4 11. Bxc4 Nc6 12. Ba2 Rc8 13. Bg5 Nd5 14. Bd2 Nxc3 15. Bxc3 Bf6 16. Ne5 Bxe5 17. dxe5 Qg5 18. Qc1 Qh5 19. Qd1 Qg5 20. Qc1 Qh4 21. Qe3 Ne7 22. f3 Rfd8 23. Qf2 Qa4 24. Bb1 Bd5 25. Bc2 Qe8 26. Bb4 Nc6 27. Ba4 Qd7 28. Rac1 Qb7 29. Bxc6 Rxc6 30. Rxc6 Qxc6 31. Bd2 Rc8 32. Qg3 Qc5+ 1/2-1/2

[Event "Toronto1"]
[Site "Toronto CAN"]
[Date "1990.??.??"]
[Round "5"]
[White "Marovic, Drazen"]
[Black "Lesiege, Alexandre"]
[Result "1/2-1/2"]
[WhiteElo "2470"]
[BlackElo "2295"]
[WhiteFideId "-1"]
[WhiteFideId "-1"]
[PlyCount "78"]
[GameId "2160767912481302"]
[EventDate "1990.04.??"]
[EventType "tourn"]
[EventRounds "11"]
[EventCountry "CAN"]
[EventCategory "9"]
[SourceTitle "CBM 020"]
[Source "ChessBase"]
[SourceDate "2004.01.01"]
[SourceVersion "1"]
[SourceVersionDate "2004.01.01"]
[SourceQuality "1"]

1. Nf3 Nf6 2. d4 g6 3. Bg5 Bg7 4. Nbd2 O-O 5. e4 c5 6. dxc5 Qa5 7. e5 Ng4 8. Bxe7 Re8 9. Bd6 Nxe5 10. Nxe5 Bxe5 11. Bxe5 Qxc5 12. Be2 Qxe5 13. Nc4 Qf6 14. Nd6 Re6 15. Nxc8 Nc6 16. O-O Rxc8 17. c3 Rd6 18. Qc1 Nd4 19. Bd1 Rc5 20. Re1 Kg7 21. Qe3 Re6 22. Qd2 Rxe1+ 23. Qxe1 Re5 24. Qf1 Qe6 25. Ba4 Ne2+ 26. Kh1 Nf4 27. Bb3 Qf5 28. Rd1 d5 29. g3 Nh3 30. f3 h5 31. Kg2 Ng5 32. Qd3 Qxd3 33. Rxd3 Re2+ 34. Kf1 Rxh2 35. Rxd5 Nxf3 36. Rd7 Nd2+ 37. Kg1 Nf3+ 38. Kf1 Nd2+ 39. Kg1 Nf3+ 1/2-1/2

[Event "Toronto1"]
[Site "Toronto CAN"]
[Date "1990.??.??"]
[Round "6"]
[White "Nickoloff, Bryon"]
[Black "Lesiege, Alexandre"]
[Result "1-0"]
[WhiteElo "2435"]
[BlackElo "2295"]
[WhiteFideId "-1"]
[WhiteFideId "-1"]
[PlyCount "57"]
[GameId "2160767912481308"]
[EventDate "1990.04.??"]
[EventType "tourn"]
[EventRounds "11"]
[EventCountry "CAN"]
[EventCategory "9"]
[SourceTitle "CBM 020"]
[Source "ChessBase"]
[SourceDate "2004.01.01"]
[SourceVersion "1"]
[SourceVersionDate "2004.01.01"]
[SourceQuality "1"]

1. d4 Nf6 2. c4 g6 3. Nc3 Bg7 4. e4 O-O 5. Be2 d6 6. Nf3 Nbd7 7. O-O e5 8. Be3 c6 9. Qc2 Re8 10. Rad1 Qe7 11. Rfe1 exd4 12. Bxd4 Ne5 13. h3 Nh5 14. Be3 Be6 15. b3 Qf6 16. Nxe5 dxe5 17. Bxh5 gxh5 18. Ne2 h4 19. f4 exf4 20. Nxf4 Qe5 21. Qf2 Qxe4 22. Bd4 Bxd4 23. Rxd4 Qf5 24. Qxh4 Qc5 25. Qf2 Bf5 26. Rxe8+ Rxe8 27. Nd3 Qa5 28. b4 Qxa2 29. Qxa2 1-0

[Event "Toronto1"]
[Site "Toronto CAN"]
[Date "1990.??.??"]
[Round "7"]
[White "Lesiege, Alexandre"]
[Black "Kozul, Zdenko"]
[Result "1-0"]
[WhiteElo "2295"]
[BlackElo "2575"]
[WhiteFideId "-1"]
[WhiteFideId "-1"]
[PlyCount "121"]
[GameId "2160767739985458"]
[EventDate "1990.04.??"]
[EventType "tourn"]
[EventRounds "11"]
[EventCountry "CAN"]
[EventCategory "9"]
[SourceTitle "CBM 020"]
[Source "ChessBase"]
[SourceDate "2004.01.01"]
[SourceVersion "1"]
[SourceVersionDate "2004.01.01"]
[SourceQuality "1"]

1. d4 Nf6 2. c4 g6 3. Nf3 Bg7 4. g3 d5 5. Bg2 dxc4 6. O-O c6 7. Nc3 O-O 8. e4 b5 9. Re1 a6 10. e5 Nd5 11. a4 Nxc3 12. bxc3 Be6 13. axb5 cxb5 14. Ng5 Bd5 15. e6 f5 16. Nf7 Rxf7 17. exf7+ Kxf7 18. Rxe7+ Kxe7 19. Bg5+ Bf6 20. Qe2+ Kf8 21. Bh6+ Bg7 22. Qe5 Bxh6 23. Bxd5 Bd2 24. Bxa8 Bxc3 25. Rd1 Nd7 26. Qh8+ Ke7 27. Qxh7+ Kd6 28. Qxg6+ Qf6 29. Qg8 Qe6 30. Qg5 Kc7 31. Qf4+ Kb6 32. Qf3 Bb2 33. Bd5 Qd6 34. Re1 Qb4 35. Re6+ Ka5 36. Qf4 Nb6 37. Bf3 Qc3 38. d5 Qc1+ 39. Qxc1 Bxc1 40. d6 b4 41. Re5+ Ka4 42. d7 Nxd7 43. Bc6+ Kb3 44. Bxd7 c3 45. Bxf5 Bd2 46. Ra5 c2 47. Bxc2+ Kxc2 48. Rxa6 b3 49. Rb6 Ba5 50. Rb5 b2 51. f4 Kc3 52. Rxb2 Kxb2 53. Kf2 Kc3 54. Ke3 Kc4 55. Ke4 Kc5 56. Ke5 Kc6 57. Ke6 Kc7 58. f5 Kd8 59. Kf7 Bc7 60. g4 Bf4 61. h4 {Ftacnik,L} 1-0

[Event "Toronto1"]
[Site "Toronto CAN"]
[Date "1990.??.??"]
[Round "9"]
[White "Lesiege, Alexandre"]
[Black "Vaganian, Rafael"]
[Result "0-1"]
[WhiteElo "2295"]
[BlackElo "2605"]
[WhiteFideId "-1"]
[WhiteFideId "-1"]
[PlyCount "96"]
[GameId "2160767739985459"]
[EventDate "1990.04.??"]
[EventType "tourn"]
[EventRounds "11"]
[EventCountry "CAN"]
[EventCategory "9"]
[SourceTitle "CBM 020"]
[Source "ChessBase"]
[SourceDate "2004.01.01"]
[SourceVersion "1"]
[SourceVersionDate "2004.01.01"]
[SourceQuality "1"]

1. d4 Nf6 2. c4 e6 3. Nc3 Bb4 4. g3 c5 5. Nf3 b6 6. Bg2 Bb7 7. O-O cxd4 8. Qxd4 O-O 9. Bg5 h6 10. Bf4 Nc6 11. Qd3 Na5 12. Nd2 Bxg2 13. Kxg2 d5 14. cxd5 Bxc3 15. Qxc3 Nxd5 16. Qf3 Qf6 17. b4 Nc6 18. Ne4 Qg6 19. Kh1 e5 20. Be3 Ncxb4 21. Bd2 Rac8 22. Bxb4 Nxb4 23. Rfd1 Rfd8 24. a3 Nc2 25. Rac1 Rxd1+ 26. Rxd1 Nd4 27. Qd3 Qc6 28. e3 Rd8 29. f3 Ne6 30. Qb3 Rxd1+ 31. Qxd1 Qc4 32. Kg1 a5 33. Qd6 Qe2 34. Qxb6 Qxf3 35. Qb8+ Nf8 36. Qxe5 Qxe3+ 37. Kg2 Qxa3 38. Nd6 Qa2+ 39. Kg1 a4 40. Nf5 f6 41. Qe4 a3 42. Qg4 g6 43. Nxh6+ Kh7 44. Qh4 Kg7 45. Ng4 Qb1+ 46. Kg2 Qb2+ 47. Kh3 a2 48. Qh6+ Kg8 {Ftacnik,L} 0-1

[Event "Toronto1"]
[Site "Toronto CAN"]
[Date "1990.??.??"]
[Round "10"]
[White "Piasetski, Leon"]
[Black "Lesiege, Alexandre"]
[Result "1/2-1/2"]
[WhiteElo "2415"]
[BlackElo "2295"]
[WhiteFideId "-1"]
[WhiteFideId "-1"]
[PlyCount "36"]
[GameId "2160767912481330"]
[EventDate "1990.04.??"]
[EventType "tourn"]
[EventRounds "11"]
[EventCountry "CAN"]
[EventCategory "9"]
[SourceTitle "CBM 020"]
[Source "ChessBase"]
[SourceDate "2004.01.01"]
[SourceVersion "1"]
[SourceVersionDate "2004.01.01"]
[SourceQuality "1"]

1. c4 Nf6 2. Nc3 g6 3. g3 Bg7 4. Bg2 O-O 5. d3 c5 6. Rb1 Nc6 7. a3 a5 8. Bd2 d6 9. Nf3 Rb8 10. O-O Ne8 11. Ne1 Nc7 12. Nc2 Bd7 13. b4 axb4 14. axb4 cxb4 15. Nxb4 Nxb4 16. Rxb4 b5 17. cxb5 Nxb5 18. Nxb5 Rxb5 1/2-1/2

[Event "Quebec-ch U20"]
[Site "Montreal CAN"]
[Date "1990.03.01"]
[Round "1"]
[White "Lesiege, Alexandre"]
[Black "Lavoie, Denis"]
[Result "1-0"]
[WhiteElo "2383"]
[BlackElo "1896"]
[WhiteFideId "-1"]
[WhiteFideId "-1"]
[PlyCount "33"]
[GameId "2160767912481411"]
[EventDate "1990.03.01"]
[EventType "tourn"]
[EventRounds "7"]
[EventCountry "CAN"]
[SourceTitle "hb 2014"]

1. d4 Nf6 2. c4 g6 3. Nc3 d5 4. Nf3 Bg7 5. Bg5 Ne4 6. cxd5 Nxg5 7. Nxg5 e6 8. Nf3 exd5 9. e3 a5 10. Be2 O-O 11. O-O Re8 12. a3 b6 13. b4 c5 14. bxc5 bxc5 15. Rc1 c4 16. Nd2 f5 17. Nxd5 1-0

[Event "Quebec-ch U20"]
[Site "Montreal CAN"]
[Date "1990.03.02"]
[Round "2"]
[White "Duong, Thanh Nha"]
[Black "Lesiege, Alexandre"]
[Result "0-1"]
[WhiteElo "2208"]
[BlackElo "2383"]
[WhiteFideId "-1"]
[WhiteFideId "-1"]
[PlyCount "68"]
[GameId "2160767912481414"]
[EventDate "1990.03.01"]
[EventType "tourn"]
[EventRounds "7"]
[EventCountry "CAN"]
[SourceTitle "hb 2014"]

1. Nf3 Nf6 2. c4 g6 3. b3 Bg7 4. Bb2 O-O 5. g3 c5 6. Bg2 Nc6 7. O-O d6 8. Nc3 e5 9. e3 Re8 10. d3 h6 11. Qd2 Be6 12. Rfd1 d5 13. cxd5 Nxd5 14. Nxd5 Bxd5 15. Rac1 b6 16. d4 exd4 17. exd4 cxd4 18. Nxd4 Bxd4 19. Bxd4 Bxg2 20. Kxg2 Qd5+ 21. Kh3 Qe6+ 22. Kg2 Rad8 23. Rxc6 Qxc6+ 24. f3 Rxd4 25. Qxd4 Re2+ 26. Kh3 Qxf3 27. Qd8+ Kh7 28. Qd5 Qxd5 29. Rxd5 Rxa2 30. Rd7 Kg7 31. b4 h5 32. Rc7 g5 33. Rc3 g4+ 34. Kh4 Kg6 0-1

[Event "Quebec-ch U20"]
[Site "Montreal CAN"]
[Date "1990.03.02"]
[Round "3"]
[White "Lesiege, Alexandre"]
[Black "Gravel, Simon M"]
[Result "1-0"]
[WhiteElo "2383"]
[BlackElo "1918"]
[WhiteFideId "-1"]
[WhiteFideId "-1"]
[PlyCount "75"]
[GameId "2160767912481420"]
[EventDate "1990.03.01"]
[EventType "tourn"]
[EventRounds "7"]
[EventCountry "CAN"]
[SourceTitle "hb 2014"]

1. c4 e5 2. Nc3 Nf6 3. g3 Nc6 4. Bg2 Bc5 5. e3 d6 6. Nge2 Bg4 7. h3 Bh5 8. a3 Bb6 9. b4 Qd7 10. g4 Bg6 11. d4 a6 12. c5 Ba7 13. dxe5 Nxe5 14. O-O O-O-O 15. f4 Nexg4 16. hxg4 dxc5 17. Qxd7+ Rxd7 18. Bh3 Nxg4 19. Bxg4 f5 20. Bf3 cxb4 21. axb4 Re8 22. Kf2 Rd3 23. Nd1 c6 24. Ra3 Bxe3+ 25. Nxe3 Rexe3 26. Bxe3 Rxa3 27. Rd1 Kc7 28. Nd4 Bf7 29. Nxf5 Ra2+ 30. Kg3 g6 31. Nd6 Ra3 32. Bc1 Rxf3+ 33. Kxf3 Bd5+ 34. Rxd5 cxd5 35. Ne8+ Kc6 36. Nf6 h6 37. Ng8 g5 38. f5 1-0

[Event "Quebec-ch U20"]
[Site "Montreal CAN"]
[Date "1990.03.03"]
[Round "4"]
[White "Ouaknine, Joel"]
[Black "Lesiege, Alexandre"]
[Result "0-1"]
[WhiteElo "1926"]
[BlackElo "2383"]
[WhiteFideId "-1"]
[WhiteFideId "-1"]
[PlyCount "58"]
[GameId "2160767912481424"]
[EventDate "1990.03.01"]
[EventType "tourn"]
[EventRounds "7"]
[EventCountry "CAN"]
[SourceTitle "EXT 2022"]
[Source "ChessBase"]
[SourceDate "2021.10.06"]
[SourceVersion "1"]
[SourceVersionDate "2021.10.06"]
[SourceQuality "1"]

1. d4 Nf6 2. Nf3 e6 3. c4 Bb4+ 4. Bd2 c5 5. e3 Nc6 6. Bxb4 cxb4 7. Bd3 O-O 8. O-O d6 9. Qc2 e5 10. Bf5 Re8 11. Nbd2 exd4 12. Nxd4 Ne5 13. Rac1 Bxf5 14. Qxf5 Rc8 15. b3 Rc5 16. Qb1 a6 17. Ne4 Ra5 18. Nxf6+ Qxf6 19. Rfd1 Ng4 20. Nf3 Qh6 21. h3 Nxf2 22. Kxf2 Qxe3+ 23. Kf1 Qe2+ 24. Kg1 Rxa2 25. Nh4 Qf2+ 26. Kh1 Rae2 27. Qd3 Qxh4 28. Qxd6 Rxg2 29. Qd7 Rh2+ 0-1

[Event "Quebec-ch U20"]
[Site "Montreal CAN"]
[Date "1990.03.03"]
[Round "5"]
[White "Lesiege, Alexandre"]
[Black "Arsenault, Nicolas"]
[Result "1-0"]
[WhiteElo "2383"]
[BlackElo "1995"]
[WhiteFideId "-1"]
[WhiteFideId "-1"]
[PlyCount "89"]
[GameId "2160767912481428"]
[EventDate "1990.03.01"]
[EventType "tourn"]
[EventRounds "7"]
[EventCountry "CAN"]
[SourceTitle "hb 2013"]

1. c4 Nf6 2. d4 c5 3. Nf3 cxd4 4. Nxd4 Nc6 5. Nc3 e6 6. Ndb5 d6 7. Bf4 e5 8. Bg5 a6 9. Bxf6 gxf6 10. Na3 Be6 11. e3 Bg7 12. Be2 f5 13. Rc1 O-O 14. O-O Rc8 15. Qd2 Qa5 16. Rfd1 Rfd8 17. Nab1 e4 18. b3 Qe5 19. Nd5 Bxd5 20. Qxd5 Qxd5 21. Rxd5 Ne7 22. Rd2 Rc7 23. Rcd1 Rcd7 24. g3 d5 25. cxd5 Rxd5 26. Rxd5 Rxd5 27. Rxd5 Nxd5 28. Bf1 Be5 29. Bh3 Ne7 30. Nd2 Kg7 31. Bf1 b5 32. a4 bxa4 33. bxa4 a5 34. h3 Nd5 35. Bc4 Nc3 36. Bb3 Bc7 37. Kf1 Bd6 38. Nc4 Bb4 39. Ne5 Bd6 40. Nc6 Bc7 41. Ke1 h5 42. Kd2 Nxa4 43. Bxa4 h4 44. gxh4 Kg6 45. Ne7+ 1-0

[Event "Quebec-ch U20"]
[Site "Montreal CAN"]
[Date "1990.03.04"]
[Round "6"]
[White "Glass, Martin"]
[Black "Lesiege, Alexandre"]
[Result "1/2-1/2"]
[WhiteElo "1900"]
[BlackElo "2383"]
[WhiteFideId "-1"]
[WhiteFideId "-1"]
[PlyCount "59"]
[GameId "2160767912481431"]
[EventDate "1990.03.01"]
[EventType "tourn"]
[EventRounds "7"]
[EventCountry "CAN"]
[SourceTitle "hb 2014"]

1. e4 e5 2. Nf3 Nc6 3. Bc4 Bc5 4. c3 Nf6 5. d3 d6 6. O-O O-O 7. Nbd2 a6 8. Re1 Ba7 9. Nf1 Na5 10. Bb3 Nxb3 11. Qxb3 Nh5 12. Bg5 Qe8 13. d4 Be6 14. Qd1 f6 15. Be3 h6 16. Ng3 Nxg3 17. hxg3 g5 18. Nd2 Qg6 19. d5 Bf7 20. Bxa7 Rxa7 21. g4 h5 22. gxh5 Qxh5 23. Qxh5 Bxh5 24. Nf1 Raa8 25. c4 a5 26. b3 Kg7 27. Rec1 b6 28. a3 Bg6 29. Ng3 f5 30. exf5 1/2-1/2

[Event "Quebec-ch U20"]
[Site "Montreal CAN"]
[Date "1990.03.04"]
[Round "7"]
[White "Lesiege, Alexandre"]
[Black "Cazelais, Marc"]
[Result "1-0"]
[WhiteElo "2383"]
[BlackElo "2165"]
[WhiteFideId "-1"]
[WhiteFideId "-1"]
[PlyCount "85"]
[GameId "2160767912481436"]
[EventDate "1990.03.01"]
[EventType "tourn"]
[EventRounds "7"]
[EventCountry "CAN"]
[SourceTitle "hb 2014"]

1. d4 Nf6 2. c4 c5 3. Nf3 cxd4 4. Nxd4 e6 5. Nc3 a6 6. g3 Be7 7. Bg2 Qc7 8. O-O Nc6 9. e3 d6 10. Nxc6 bxc6 11. e4 O-O 12. Qe2 Bb7 13. Re1 e5 14. c5 dxc5 15. Na4 a5 16. Qc2 Nd7 17. Be3 Ba6 18. Nxc5 Nxc5 19. Bxc5 Bxc5 20. Qxc5 a4 21. b4 Rfd8 22. Rac1 Rab8 23. Bf1 Bxf1 24. Kxf1 Qd7 25. Kg2 Qd4 26. Qxd4 exd4 27. a3 d3 28. Rxc6 d2 29. Rd1 Rd3 30. Ra6 Rxa3 31. Rxd2 h6 32. Rd7 Rxb4 33. Ra8+ Kh7 34. e5 Re4 35. Rxf7 Rxe5 36. h4 Re4 37. h5 Re5 38. g4 Re4 39. f3 Re2+ 40. Kg3 Raa2 41. Rff8 Rg2+ 42. Kf4 g5+ 43. Kf5 1-0

[Event "30m/jan"]
[Site "Montreal CAN"]
[Date "1990.01.13"]
[Round "4"]
[White "Hebert, Jean"]
[Black "Lesiege, Alexandre"]
[Result "1-0"]
[WhiteElo "2446"]
[BlackElo "2286"]
[WhiteFideId "-1"]
[WhiteFideId "-1"]
[PlyCount "53"]
[GameId "2160767912485632"]
[EventDate "1990.??.??"]
[EventType "rapid"]
[EventCountry "CAN"]

1. c4 c5 2. Nf3 Nc6 3. Nc3 e5 4. g3 d6 5. Bg2 g6 6. a3 a5 7. d3 Bg7 8. O-O Nge7 9. Ne1 O-O 10. Nc2 Be6 11. Rb1 d5 12. cxd5 Nxd5 13. Ne4 b6 14. Ng5 Bc8 15. Ne3 Nxe3 16. Bxe3 Bb7 17. b4 axb4 18. axb4 cxb4 19. Rc1 Qd7 20. Bxb6 Ra6 21. Bc5 Rc8 22. Bh3 Qd8 23. Nxf7 Qd5 24. Ng5 Re8 25. e4 Qa2 26. Ra1 Qxa1 27. Qb3+ 1-0

[Event "CAN-ch U20 1989-90"]
[Site "Toronto CAN"]
[Date "1989.??.??"]
[Round "?"]
[White "Duong, Thanh Nha"]
[Black "Lesiege, Alexandre"]
[Result "0-1"]
[WhiteElo "2226"]
[BlackElo "2301"]
[WhiteFideId "-1"]
[WhiteFideId "-1"]
[PlyCount "58"]
[GameId "2160767912494132"]
[EventDate "1989.12.26"]
[EventType "tourn"]
[EventRounds "11"]
[EventCountry "CAN"]

1. e4 e5 2. Nf3 Nc6 3. Nc3 Nf6 4. Bb5 Nd4 5. Ba4 Bc5 6. d3 O-O 7. O-O d6 8. h3 c6 9. Bb3 Nxb3 10. axb3 h6 11. Na4 Bb4 12. Nc3 Re8 13. Ne2 d5 14. Ng3 Bf8 15. Be3 c5 16. Nh2 Bd7 17. Qf3 Bc6 18. Ng4 Nxg4 19. Qxg4 Re6 20. f4 Rg6 21. Qf3 dxe4 22. dxe4 exf4 23. Qxf4 Qe8 24. e5 Qe6 25. Rf2 Be7 26. Nf5 Bg5 27. Qh2 Bxg2 28. Nxg7 Rxg7 29. Bxg5 Bxh3 0-1

[Event "CAN-ch U20 1989-90"]
[Site "Toronto CAN"]
[Date "1989.??.??"]
[Round "?"]
[White "Lesiege, Alexandre"]
[Black "Huber, Gregory"]
[Result "1-0"]
[WhiteElo "2301"]
[BlackElo "2272"]
[WhiteFideId "-1"]
[WhiteFideId "-1"]
[PlyCount "65"]
[GameId "2160767912494134"]
[EventDate "1989.12.26"]
[EventType "tourn"]
[EventRounds "11"]
[EventCountry "CAN"]

1. d4 Nf6 2. c4 c5 3. Nf3 e6 4. Nc3 cxd4 5. Nxd4 a6 6. e4 d6 7. Be2 Be7 8. O-O Qc7 9. Be3 b6 10. Rc1 Bb7 11. f3 Nbd7 12. b4 O-O 13. Nb3 Rac8 14. Qd2 Qb8 15. Rfd1 Rfd8 16. a3 h6 17. Qe1 Bc6 18. Qf2 Ne8 19. Rc2 Bg5 20. Bxg5 hxg5 21. Nd4 Nf8 22. Nxc6 Rxc6 23. Qe3 f6 24. Rcd2 Rdc8 25. b5 axb5 26. Nxb5 Nd7 27. Nd4 Rc5 28. Nxe6 Ra5 29. c5 bxc5 30. Bc4 Kh7 31. f4 Ra4 32. Nf8+ Nxf8 33. Qh3+ 1-0

[Event "CAN-ch U20 1989-90"]
[Site "Toronto CAN"]
[Date "1989.??.??"]
[Round "?"]
[White "Lesiege, Alexandre"]
[Black "Lamb, Bryan"]
[Result "1-0"]
[WhiteElo "2301"]
[BlackElo "2156"]
[WhiteFideId "-1"]
[WhiteFideId "-1"]
[PlyCount "71"]
[GameId "2160767912494135"]
[EventDate "1989.12.26"]
[EventType "tourn"]
[EventRounds "11"]
[EventCountry "CAN"]
[SourceTitle "CFC 1990.06"]
[SourceDate "2011.01.01"]
[SourceVersion "1"]
[SourceVersionDate "2011.01.01"]
[SourceQuality "1"]

1. d4 Nf6 2. c4 e6 3. Nc3 Bb4 4. g3 O-O 5. Bg2 d5 6. Nf3 b6 7. O-O Bb7 8. Ne5 h6 9. Qc2 Nbd7 10. Rd1 a6 11. Bf4 Rc8 12. Rac1 Qe7 13. cxd5 Nxe5 14. dxe5 Bxc3 15. d6 cxd6 16. exd6 Qd7 17. Bxb7 Qxb7 18. bxc3 Nd5 19. Qe4 b5 20. c4 bxc4 21. Rxc4 g5 22. Be5 f6 23. Ba1 Rxc4 24. Qxc4 Rc8 25. Qd4 Qb5 26. e4 Rc4 27. d7 Rxd4 28. d8=Q+ Kh7 29. Bxd4 Qa4 30. Rf1 Qxd4 31. exd5 exd5 32. Re1 Kg6 33. Qg8+ Kh5 34. Qf7+ Kg4 35. h3+ Kf5 36. Qh7# 1-0

[Event "World op"]
[Site "Philadelphia USA"]
[Date "1989.??.??"]
[Round "2"]
[White "Lesiege, Alexandre"]
[Black "Gruenfeld, Yehuda"]
[Result "0-1"]
[WhiteElo "2235"]
[BlackElo "2535"]
[WhiteFideId "-1"]
[WhiteFideId "-1"]
[PlyCount "84"]
[GameId "2129405204259064"]
[EventDate "1989.06.30"]
[EventType "swiss"]
[EventRounds "10"]
[EventCountry "USA"]
[SourceTitle "EXT 89op"]

1. e4 c5 2. Nf3 d6 3. d4 cxd4 4. Nxd4 Nf6 5. Nc3 a6 6. f4 e5 7. Nf3 Nbd7 8. a4 Be7 9. Bd3 O-O 10. O-O Nc5 11. Kh1 d5 12. fxe5 Nfxe4 13. Bxe4 dxe4 14. Qxd8 Rxd8 15. Ng5 h6 16. Ngxe4 Nxe4 17. Nxe4 Bf5 18. Nd6 Bxd6 19. exd6 Rxd6 20. Bf4 Rd5 21. c4 Rd7 22. c5 Rd5 23. Bd6 Re8 24. Rf2 Re4 25. h3 Bd7 26. a5 Bc6 27. Kh2 Rd3 28. Rc1 Ra4 29. Bc7 Rd7 30. Bb6 Rad4 31. Rcc2 f6 32. Rce2 Kf7 33. Ba7 h5 34. Bb6 h4 35. Ba7 Ra4 36. Rd2 Rxd2 37. Rxd2 Rxa5 38. g3 g5 39. gxh4 gxh4 40. Rd4 Ra2 41. Rxh4 Rxb2+ 42. Kg3 Rg2+ 0-1

[Event "World op"]
[Site "Philadelphia USA"]
[Date "1989.07.??"]
[Round "3"]
[White "Schain, Randolph"]
[Black "Lesiege, Alexandre"]
[Result "0-1"]
[WhiteElo "2280"]
[BlackElo "2235"]
[WhiteFideId "-1"]
[WhiteFideId "-1"]
[PlyCount "58"]
[GameId "2129405204259093"]
[EventDate "1989.06.30"]
[EventType "swiss"]
[EventRounds "10"]
[EventCountry "USA"]
[SourceTitle "FQE 08"]

1. e4 e5 2. Nf3 Nc6 3. Bb5 a6 4. Ba4 Nf6 5. Qe2 Bc5 6. c3 b5 7. Bc2 d6 8. h3 O-O 9. O-O h6 10. Rd1 Bb6 11. d4 Qe7 12. a4 Bd7 13. d5 Na5 14. b4 Nc4 15. Bd3 c6 16. Bxc4 bxc4 17. dxc6 Bxc6 18. Nbd2 d5 19. exd5 Nxd5 20. Qxc4 Rfc8 21. Re1 Qa7 22. Qh4 Nxc3 23. Nxe5 Bxa4 24. Bb2 Bb5 25. Nec4 Bxc4 26. Bxc3 Bd5 27. Rac1 Rc6 28. Be5 Rg6 29. g3 Bxf2+ 0-1

[Event "World op"]
[Site "Philadelphia USA"]
[Date "1989.??.??"]
[Round "4"]
[White "Tapper, Larry"]
[Black "Lesiege, Alexandre"]
[Result "1/2-1/2"]
[WhiteElo "2380"]
[BlackElo "2235"]
[WhiteFideId "-1"]
[WhiteFideId "-1"]
[PlyCount "40"]
[GameId "2129405204259121"]
[EventDate "1989.06.30"]
[EventType "swiss"]
[EventRounds "10"]
[EventCountry "USA"]
[SourceTitle "EXT 89op"]

1. e4 e5 2. Nf3 Nc6 3. Bb5 a6 4. Ba4 Nf6 5. O-O Be7 6. Bxc6 dxc6 7. d3 Nd7 8. Nbd2 f6 9. Nh4 O-O 10. Nf5 Nc5 11. Nxe7+ Qxe7 12. f4 exf4 13. Rxf4 f5 14. Qf1 fxe4 15. Rxf8+ Qxf8 16. Qxf8+ Kxf8 17. Nxe4 Nxe4 18. dxe4 Bd7 19. Bf4 Re8 20. Rd1 Rxe4 1/2-1/2

[Event "World op"]
[Site "Philadelphia USA"]
[Date "1989.07.??"]
[Round "5"]
[White "Lesiege, Alexandre"]
[Black "Brown, D."]
[Result "1-0"]
[WhiteElo "2235"]
[BlackElo "2225"]
[WhiteFideId "-1"]
[WhiteFideId "-1"]
[PlyCount "127"]
[GameId "2129405204259136"]
[EventDate "1989.06.30"]
[EventType "swiss"]
[EventRounds "10"]
[EventCountry "USA"]
[SourceTitle "FQE 08"]

1. e4 e5 2. Nf3 Nc6 3. Bc4 Nf6 4. d3 d6 5. c3 Be7 6. Nbd2 O-O 7. O-O Na5 8. Bb5 c6 9. Ba4 b5 10. Bc2 c5 11. d4 cxd4 12. cxd4 Nc6 13. a4 Qb6 14. dxe5 dxe5 15. axb5 Nd4 16. Nxd4 Qxd4 17. Nf3 Qb6 18. Qe2 Bc5 19. Nxe5 Bb7 20. Bg5 Rad8 21. Nc4 Qe6 22. b3 Rd5 23. Be3 Nxe4 24. Bxc5 Nxc5 25. Qxe6 fxe6 26. b4 Rg5 27. Ne3 Ne4 28. Rxa7 Bd5 29. f4 Rh5 30. b6 Nd6 31. Nxd5 Rxd5 32. Bb3 Rb5 33. Bxe6+ Kh8 34. Rd1 Rxb6 35. Rd7 Ne8 36. Bf7 g6 37. Bxe8 Rxe8 38. Rd8 Rxd8 39. Rxd8+ Kg7 40. Rd7+ Kf6 41. Rxh7 Rxb4 42. g3 Rb2 43. h3 Ra2 44. Rh8 Rb2 45. Re8 g5 46. fxg5+ Kxg5 47. Rf8 Rb5 48. Kg2 Ra5 49. h4+ Kg4 50. Rf4+ Kh5 51. Kh3 Rb5 52. g4+ Kh6 53. Rf6+ Kg7 54. g5 Rb4 55. Kg3 Ra4 56. Rf4 Ra5 57. Kg4 Rb5 58. Ra4 Kg6 59. h5+ Kg7 60. Ra7+ Kg8 61. h6 Rc5 62. Kh5 Rc6 63. Ra8+ Kf7 64. g6+ 1-0

[Event "World op"]
[Site "Philadelphia USA"]
[Date "1989.??.??"]
[Round "6"]
[White "Dokhoian, Yury"]
[Black "Lesiege, Alexandre"]
[Result "0-1"]
[WhiteElo "2575"]
[BlackElo "2235"]
[WhiteFideId "-1"]
[WhiteFideId "-1"]
[PlyCount "92"]
[GameId "2129405204259152"]
[EventDate "1989.06.30"]
[EventType "swiss"]
[EventRounds "10"]
[EventCountry "USA"]
[SourceTitle "EXT 89op"]

1. d4 Nf6 2. Nf3 g6 3. c4 Bg7 4. Nc3 O-O 5. e4 d6 6. h3 e5 7. d5 a5 8. Be3 Na6 9. Nd2 Nd7 10. Bd3 f5 11. f3 Qh4+ 12. Bf2 Qg5 13. Rg1 Ndc5 14. Bb1 Bh6 15. h4 Qf6 16. Qe2 Bd7 17. Kd1 Nb4 18. Bxc5 dxc5 19. Rh1 c6 20. a3 Na6 21. Bd3 Nc7 22. Kc2 Rab8 23. exf5 gxf5 24. g4 Bxd2 25. Qxd2 e4 26. fxe4 fxg4 27. Qg5+ Qxg5 28. hxg5 Rf2+ 29. Be2 b5 30. Kd2 bxc4 31. Ke3 Rxe2+ 32. Nxe2 cxd5 33. exd5 Nxd5+ 34. Ke4 Bc6 35. Ke5 Rxb2 36. Rhe1 c3 37. Rab1 Rd2 38. Ng3 c2 39. Rbc1 Nc3 40. Nf1 Rf2 41. Ne3 Ba4 42. Nxc2 Bxc2 43. Rg1 Nb5 44. a4 Rf5+ 45. Ke6 Nd4+ 46. Kd6 Rxg5 0-1

[Event "World op"]
[Site "Philadelphia USA"]
[Date "1989.??.??"]
[Round "7"]
[White "Lesiege, Alexandre"]
[Black "Epishin, Vladimir"]
[Result "1/2-1/2"]
[WhiteElo "2235"]
[BlackElo "2465"]
[WhiteFideId "-1"]
[WhiteFideId "-1"]
[PlyCount "55"]
[GameId "2129405204259173"]
[EventDate "1989.06.30"]
[EventType "swiss"]
[EventRounds "10"]
[EventCountry "USA"]
[SourceTitle "EXT 89op"]

1. e4 c5 2. Nf3 e6 3. d4 cxd4 4. Nxd4 Nf6 5. Nc3 d6 6. Be2 Be7 7. O-O Nc6 8. Be3 O-O 9. f4 e5 10. Nb3 exf4 11. Bxf4 Be6 12. Bf3 Ne5 13. Nd4 Rc8 14. Kh1 Qb6 15. Rb1 Rfe8 16. Nxe6 fxe6 17. Qe2 a6 18. Nd1 Nxf3 19. gxf3 d5 20. Nf2 Qc6 21. c3 Qc4 22. Qxc4 Rxc4 23. Rfe1 Rf8 24. Bg5 h6 25. Bxf6 Bxf6 26. Nd3 d4 27. e5 Be7 28. Re4 1/2-1/2